[Event "Cerete op 32nd"]
[Site "Cerete"]
[Date "2024.03.22"]
[Round "4"]
[White "Angulo Pastrana, Oscar"]
[Black "Hernandez Montes, Jhon Sebastian"]
[Result "0-1"]
[WhiteElo "1953"]
[BlackElo "2311"]
[PlyCount "22"]
[EventDate "2024.03.21"]
[EventType "swiss"]
[EventRounds "8"]
[EventCountry "COL"]
[SourceTitle "CB15_2024"]
[SourceDate "2024.04.10"]
[SourceVersion "1"]
[SourceVersionDate "2024.04.10"]
[SourceQuality "1"]

1. d4 Nf6 2. Bf4 c5 3. e3 Qb6 4. Nc3 d6 5. Nf3 g6 6. a3 Bg7 7. Be2 0-0 8. 0-0 Bd7 9. h3 Qxb2 10. Qd2 cxd4 11. exd4 Rc8 0-1

[Event "COL-chT"]
[Site "Risaralda"]
[Date "2023.11.21"]
[Round "5.2"]
[White "Angulo Pastrana, Oscar"]
[Black "Rodriguez Mendoza, Jhon Carlos"]
[Result "1/2-1/2"]
[WhiteElo "1950"]
[BlackElo "1189"]
[PlyCount "104"]
[EventDate "2023.11.19"]
[EventType "team-swiss"]
[EventRounds "7"]
[EventCountry "COL"]
[SourceTitle "CB49_2023"]
[SourceDate "2023.12.06"]
[SourceVersion "1"]
[SourceVersionDate "2023.12.06"]
[SourceQuality "1"]
[WhiteTeam "Cordoba"]
[BlackTeam "Sucre"]
[WhiteTeamCountry "COL"]
[BlackTeamCountry "COL"]

1. d4 d5 2. Nf3 Nf6 3. g3 e6 4. Bg2 c5 5. 0-0 Nc6 6. c4 cxd4 7. Nxd4 Be7 8. Nc3 0-0 9. cxd5 exd5 10. h3 h6 11. Be3 Ne5 12. Qb3 Nc4 13. Bc1 Na5 14. Qc2 Nc6 15. Be3 Be6 16. Rfd1 Rc8 17. Nxc6 Rxc6 18. Qd3 Qa5 19. a3 Rd8 20. b4 Qc7 21. Nb5 Qd7 22. Nd4 Ra6 23. Kh2 Ra4 24. Rdb1 Ne4 25. Nxe6 Qxe6 26. Bd4 Bd6 27. Kg1 Be7 28. e3 Qf5 29. Qc2 Ra6 30. g4 Rc6 31. Qe2 Qe6 32. Rc1 a6 33. Rxc6 Qxc6 34. Qb2 Rc8 35. Bxg7 Qc2 36. Qxc2 Rxc2 37. Bxe4 dxe4 38. Bd4 Bh4 39. Rf1 Ra2 40. f3 exf3 41. Rxf3 Rxa3 42. Bc5 Ra1+ 43. Kg2 Ra2+ 44. Kf1 Rc2 45. Rf5 Kg7 46. Rd5 b5 47. Rd6 Ra2 48. Bd4+ Kh7 49. Rd7 Kg6 50. Rd6+ Kh7 51. Rd7 Kg6 52. Rd6+ Kh7 1/2-1/2

[Event "Medellin Flores op 30th"]
[Site "Medellin"]
[Date "2023.08.06"]
[Round "6"]
[White "Diaz Gonzalez, Ana Sofia"]
[Black "Angulo Pastrana, Oscar"]
[Result "0-1"]
[WhiteElo "1606"]
[BlackElo "1954"]
[PlyCount "58"]
[EventDate "2023.08.03"]
[EventType "swiss"]
[EventRounds "9"]
[EventCountry "COL"]
[SourceTitle "EXT 2024"]
[Source "ChessBase"]
[SourceDate "2023.10.10"]
[SourceVersion "1"]
[SourceVersionDate "2023.10.10"]
[SourceQuality "1"]

1. e4 c6 2. d4 d5 3. exd5 cxd5 4. Bd3 Nc6 5. c3 Nf6 6. h3 e5 7. dxe5 Nxe5 8. Nf3 Nxd3+ 9. Qxd3 Be7 10. 0-0 0-0 11. Be3 Qa5 12. Nbd2 b6 13. Nb3 Qa4 14. Rfd1 Rd8 15. Ne5 Ne4 16. Nd4 Ba6 17. b3 Qa3 18. Qc2 Rdc8 19. Nec6 Bf8 20. f3 Nf6 21. b4 Bc4 22. Bc1 Qa6 23. a4 Qb7 24. Ne5 Qc7 25. Nec6 Re8 26. Bg5 Qg3 27. Bxf6 Bd6 28. Be5 Rxe5 29. Qf2 Re1+ 0-1

[Event "COL-chT"]
[Site "Santa Marta"]
[Date "2022.11.04"]
[Round "4.2"]
[White "Barrientos Chavarriaga, Sergio E"]
[Black "Angulo Pastrana, Oscar"]
[Result "1-0"]
[WhiteElo "2476"]
[BlackElo "1846"]
[PlyCount "54"]
[EventDate "2022.11.02"]
[EventType "team-swiss"]
[EventRounds "7"]
[EventCountry "COL"]
[SourceTitle "CBM 211 Extra"]
[Source "ChessBase"]
[SourceDate "2023.01.31"]
[SourceVersion "1"]
[SourceVersionDate "2023.01.31"]
[SourceQuality "1"]
[WhiteTeam "Risaralda"]
[BlackTeam "Cordoba"]
[WhiteTeamCountry "COL"]
[BlackTeamCountry "COL"]

1. e4 c5 2. Nf3 e6 3. d4 cxd4 4. Nxd4 Qb6 5. Nb3 Qc7 6. Nc3 a6 7. Bd3 Nf6 8. 0-0 d6 9. a4 b6 10. f4 Nbd7 11. Qe2 Bb7 12. Bd2 h5 13. Rae1 Be7 14. e5 dxe5 15. fxe5 Nd5 16. Kh1 Nxc3 17. Bxc3 Nc5 18. Nxc5 Qxc5 19. Rf4 Qc7 20. Ref1 h4 21. h3 Rf8 22. Qg4 g5 23. Rxf7 Rxf7 24. Rxf7 Kxf7 25. Qh5+ Kf8 26. Qh8+ Kf7 27. Qh7+ Kf8 1-0

[Event "COL pre olympic sf"]
[Site "Bogota"]
[Date "2016.05.27"]
[Round "5"]
[White "Pena Mora, Carlos"]
[Black "Angulo Pastrana, Oscar"]
[Result "0-1"]
[WhiteElo "1618"]
[BlackElo "1873"]
[PlyCount "90"]
[EventDate "2016.05.25"]
[EventType "swiss"]
[EventRounds "9"]
[EventCountry "COL"]
[SourceTitle "CBM 172 Extra"]
[Source "ChessBase"]
[SourceDate "2016.06.21"]
[SourceVersion "1"]
[SourceVersionDate "2016.06.21"]
[SourceQuality "1"]

1. Nf3 c5 2. c4 g6 3. Nc3 Bg7 4. g3 Nf6 5. Bg2 0-0 6. d4 cxd4 7. Nxd4 a6 8. 0-0 d6 9. e4 Re8 10. h3 Qc7 11. b3 Nc6 12. Be3 Rb8 13. Rc1 b6 14. Nd5 Qd7 15. Nxc6 Qxc6 16. Qd2 Nxd5 17. cxd5 Qb5 18. Bd4 Bd7 19. Bxg7 Kxg7 20. Qd4+ Kg8 21. Rc7 Bc8 22. Rfc1 Qa5 23. a4 b5 24. Kh2 bxa4 25. bxa4 Bb7 26. Qa7 Qb4 27. R1c4 Qb3 28. Qd4 a5 29. Rc3 Qb2 30. Qe3 Ba6 31. Ra7 Ra8 32. Rac7 Qb4 33. f4 Qxa4 34. e5 Qb5 35. Qc1 a4 36. Qa3 Rac8 37. Qc1 Rb8 38. h4 Qb4 39. Bf1 Bxf1 40. Qxf1 a3 41. R7c4 Qa5 42. Qd3 Rb2+ 43. Kh3 a2 44. Ra3 a1Q 45. Rca4 Qxa4 0-1

[Event "COL pre olympic sf1"]
[Site "Medellin"]
[Date "2016.03.27"]
[Round "9"]
[White "Penate, Aldair"]
[Black "Angulo Pastrana, Oscar"]
[Result "0-1"]
[WhiteElo "1667"]
[BlackElo "1818"]
[PlyCount "106"]
[EventDate "2016.03.22"]
[EventType "swiss"]
[EventRounds "9"]
[EventCountry "COL"]
[SourceTitle "CBM 171 Extra"]
[Source "ChessBase"]
[SourceDate "2016.04.26"]
[SourceVersion "1"]
[SourceVersionDate "2016.04.26"]
[SourceQuality "1"]

1. e4 Nf6 2. e5 Ng8 3. d4 d6 4. f4 dxe5 5. fxe5 e6 6. Nf3 c5 7. c3 Nc6 8. Be3 Nge7 9. Bd3 Nd5 10. Bf2 cxd4 11. cxd4 Bb4+ 12. Kf1 Bd7 13. a3 Be7 14. Nc3 Nxc3 15. bxc3 Qa5 16. Be1 Rd8 17. Kf2 0-0 18. c4 Qc7 19. Qc2 h6 20. Bc3 Bc8 21. g4 f6 22. Qe2 fxe5 23. Qe4 Bf6 24. Qh7+ Kf7 25. Qg6+ Ke7 26. d5 exd5 27. cxd5 Rxd5 28. Rhd1 Be6 29. Rac1 Qb6+ 30. Kg2 a5 31. Rb1 Qc7 32. Rdc1 Qd7 33. Bc4 Rd6 34. Bxe6 Rxe6 35. Rd1 Qc7 36. Qe4 Rd8 37. Rxd8 Kxd8 38. Qd5+ Ke7 39. Nd2 b6 40. Ne4 Nd4 41. Rc1 Qd7 42. Qxd7+ Kxd7 43. Bxa5 Be7 44. Bb4 Bxb4 45. axb4 Rc6 46. Ra1 Ke6 47. Ra7 Kd5 48. Ng3 g5 49. Nf5 Nxf5 50. gxf5 Rf6 51. Rg7 Ke4 52. h4 Kxf5 53. Kf3 gxh4 0-1

[Event "COL pre olympic sf1"]
[Site "Medellin"]
[Date "2016.03.24"]
[Round "4"]
[White "Angulo Pastrana, Oscar"]
[Black "Corredor Castellanos, Camilo"]
[Result "1-0"]
[WhiteElo "1818"]
[BlackElo "1921"]
[PlyCount "75"]
[EventDate "2016.03.22"]
[EventType "swiss"]
[EventRounds "9"]
[EventCountry "COL"]
[SourceTitle "CBM 171 Extra"]
[Source "ChessBase"]
[SourceDate "2016.04.26"]
[SourceVersion "1"]
[SourceVersionDate "2016.04.26"]
[SourceQuality "1"]

1. d4 d5 2. Nf3 Nf6 3. Bf4 e6 4. e3 Nbd7 5. c4 dxc4 6. Bxc4 Nb6 7. Bd3 Bb4+ 8. Nbd2 0-0 9. h3 Nbd5 10. Bh2 c5 11. 0-0 Bxd2 12. Qxd2 Nb4 13. Bb1 b6 14. a3 Nc6 15. dxc5 Qxd2 16. Nxd2 bxc5 17. Rc1 Na5 18. Ba2 Nb7 19. Nb3 Nd7 20. Rc2 h6 21. Rac1 a5 22. a4 Nb6 23. Nxc5 Nxc5 24. Rxc5 Nxa4 25. R5c2 Nb6 26. Bc7 Nd7 27. e4 Nf6 28. f3 Bb7 29. Bc4 Rfc8 30. Bb5 Ne8 31. Bb6 Nd6 32. Rxc8+ Rxc8 33. Rxc8+ Bxc8 34. Bd3 a4 35. e5 Nf5 36. Bb5 Ng3 37. Bxa4 Nf5 38. Bc6 1-0

[Event "COL pre olympic sf1"]
[Site "Medellin"]
[Date "2016.03.23"]
[Round "3"]
[White "Jaramillo Ochoa, Mateo"]
[Black "Angulo Pastrana, Oscar"]
[Result "1/2-1/2"]
[WhiteElo "2113"]
[BlackElo "1818"]
[PlyCount "47"]
[EventDate "2016.03.22"]
[EventType "swiss"]
[EventRounds "9"]
[EventCountry "COL"]
[SourceTitle "CBM 171 Extra"]
[Source "ChessBase"]
[SourceDate "2016.04.26"]
[SourceVersion "1"]
[SourceVersionDate "2016.04.26"]
[SourceQuality "1"]

1. d4 d6 2. Nf3 g6 3. c4 Bg7 4. Nc3 Nf6 5. e4 0-0 6. h3 c5 7. Be3 cxd4 8. Nxd4 Qa5 9. Qd2 a6 10. Be2 Nc6 11. Nc2 Be6 12. 0-0 Rac8 13. Rac1 Rfe8 14. f4 h5 15. a3 Qd8 16. b3 Na5 17. Nd4 b5 18. cxb5 Bxb3 19. Qe1 Qb6 20. Nf5 Qb8 21. Nxg7 Kxg7 22. bxa6 Bc4 23. a7 Qb3 24. Bd1 1/2-1/2

[Event "COL-ch U2000"]
[Site "Medellin"]
[Date "2016.??.??"]
[Round "2.23"]
[White "Angulo Pastrana, Oscar"]
[Black "Panesso Rivera, Jenny"]
[Result "0-1"]
[WhiteElo "1818"]
[BlackElo "1961"]
[PlyCount "58"]
[EventDate "2016.02.29"]
[EventType "swiss"]
[EventRounds "9"]
[EventCountry "COL"]
[SourceTitle "EXT 2024"]
[Source "ChessBase"]
[SourceDate "2023.10.10"]
[SourceVersion "1"]
[SourceVersionDate "2023.10.10"]
[SourceQuality "1"]

1. d4 Nf6 2. Nf3 g6 3. c4 Bg7 4. Nc3 0-0 5. e4 d6 6. h3 Nbd7 7. e5 Ne8 8. Be2 c5 9. Be3 cxd4 10. Bxd4 Qa5 11. e6 fxe6 12. Bxg7 Kxg7 13. Nd4 Ndf6 14. 0-0 e5 15. Nc2 Be6 16. g4 h6 17. b4 Qd8 18. Ne3 Rc8 19. Rc1 Nc7 20. Qa4 a6 21. Rfd1 Bf7 22. Bf3 Be8 23. Qa5 Bc6 24. Be2 Ne4 25. Nxe4 Bxe4 26. b5 Qe8 27. Rd2 Qf7 28. Rf1 Bf3 29. Bxf3 Qxf3 0-1

[Event "Mosquera op"]
[Site "Mosquera"]
[Date "2014.11.03"]
[Round "8"]
[White "Castaneda, Victor"]
[Black "Angulo Pastrana, Oscar"]
[Result "1-0"]
[WhiteElo "1862"]
[BlackElo "1733"]
[PlyCount "75"]
[EventDate "2014.10.30"]
[EventType "swiss"]
[EventRounds "9"]
[EventCountry "COL"]
[SourceTitle "EXT 2015"]
[Source "ChessBase"]
[SourceDate "2014.11.20"]
[SourceVersion "1"]
[SourceVersionDate "2014.11.20"]
[SourceQuality "1"]

1. c4 e5 2. Nc3 Bc5 3. g3 Nc6 4. Bg2 f5 5. e3 Nf6 6. Nge2 Qe7 7. a3 a5 8. 0-0 d6 9. d4 Ba7 10. b4 0-0 11. b5 Nd8 12. Qb3 Kh8 13. a4 Qf7 14. Ba3 exd4 15. Nxd4 Ng4 16. Nd5 Ne5 17. b6 Bb8 18. bxc7 Bxc7 19. Nb5 Bb8 20. Nb6 Be6 21. Nxa8 Bxc4 22. Qd1 Bxf1 23. Bxf1 Ndc6 24. Nb6 Rd8 25. Nd5 h6 26. Bg2 Nc4 27. Bf1 N4e5 28. Bb2 h5 29. h4 Kh7 30. Bg2 Ng4 31. Nd4 Ba7 32. Nf3 Kh8 33. Ng5 Qe8 34. Nc7 Qd7 35. Nce6 Rg8 36. Nf4 Nce5 37. Bxe5 Nxe5 38. Qxh5# 1-0

[Event "Mosquera op"]
[Site "Mosquera"]
[Date "2014.11.02"]
[Round "6"]
[White "Angulo Pastrana, Oscar"]
[Black "Castro, Lennin David"]
[Result "0-1"]
[WhiteElo "1733"]
[BlackElo "2016"]
[PlyCount "91"]
[EventDate "2014.10.30"]
[EventType "swiss"]
[EventRounds "9"]
[EventCountry "COL"]
[SourceTitle "EXT 2015"]
[Source "ChessBase"]
[SourceDate "2014.11.20"]
[SourceVersion "1"]
[SourceVersionDate "2014.11.20"]
[SourceQuality "1"]

1. Nf3 Nf6 2. d4 e6 3. c4 Bb4+ 4. Nc3 d5 5. Bg5 h6 6. Bh4 c5 7. e3 cxd4 8. Nxd4 Bxc3+ 9. bxc3 Qa5 10. Qc2 Nbd7 11. Bd3 dxc4 12. Bxc4 Ne5 13. Bxf6 gxf6 14. Be2 Bd7 15. 0-0 Rc8 16. Qe4 Bc6 17. Qh4 Ke7 18. Nxc6+ Rxc6 19. Rab1 b6 20. Rb4 Ng6 21. Qe4 Rc7 22. Rd1 Rd8 23. Rxd8 Kxd8 24. Qa8+ Ke7 25. Bb5 f5 26. Rd4 Kf6 27. Qd8+ Re7 28. a4 Qxc3 29. g3 Qc1+ 30. Kg2 Qc7 31. Qg8 Qb7+ 32. f3 a6 33. Be2 Rd7 34. h4 Rxd4 35. exd4 Qe7 36. Qb8 Qb4 37. h5 Nf8 38. Qe5+ Ke7 39. Bxa6 Qxa4 40. Bb5 Qc2+ 41. Kh3 Qc3 42. f4 f6 43. Qb8 Nd7 44. Bxd7 Kxd7 45. Qxb6 Qc6 46. Qb8 0-1

[Event "Monteria op"]
[Site "Monteria"]
[Date "2011.11.13"]
[Round "6"]
[White "Guerra, Francisco Anibal"]
[Black "Angulo Pastrana, Oscar"]
[Result "0-1"]
[WhiteElo "1791"]
[BlackElo "1553"]
[PlyCount "108"]
[EventDate "2011.11.12"]
[EventType "swiss"]
[EventRounds "7"]
[EventCountry "COL"]
[SourceTitle "EXT 2012"]
[Source "ChessBase"]
[SourceDate "2011.11.24"]
[SourceVersion "1"]
[SourceVersionDate "2011.11.24"]
[SourceQuality "1"]

1. e4 c5 2. Nf3 e6 3. d4 cxd4 4. Nxd4 Qb6 5. c3 Bc5 6. Be2 Nc6 7. 0-0 Nxd4 8. cxd4 Bxd4 9. Nc3 Bxc3 10. bxc3 Qc7 11. Ba3 Nf6 12. Qd4 e5 13. Qb4 d6 14. Qxd6 Qxd6 15. Bxd6 Nxe4 16. Bb5+ Bd7 17. Bxd7+ Kxd7 18. Bxe5 f6 19. Rad1+ Kc6 20. Bd4 b6 21. Rfe1 Rhe8 22. Re3 Nd6 23. Red3 Rad8 24. Be3 Nb7 25. Kf1 Rxd3 26. Rxd3 Rd8 27. Ke2 Rxd3 28. Kxd3 Kb5 29. c4+ Kb4 30. Bc1 Nd6 31. Bd2+ Ka3 32. Bf4 Nb7 33. Bb8 a5 34. Bc7 Nc5+ 35. Ke3 Nd7 36. Kd4 Kxa2 37. Kd5 Kb3 38. f4 a4 39. Bd6 a3 40. Bxa3 Kxa3 41. Kc6 Nc5 42. Kxb6 Kb4 43. Kc6 Kxc4 44. Kd6 Kd4 45. Ke7 h5 46. Kf7 g5 47. fxg5 fxg5 48. Kg6 Ne6 49. Kxh5 Ke4 50. g3 Kf3 51. h4 g4 52. Kg6 Kxg3 53. h5 Kh4 54. h6 Ng5 0-1

[Event "Monteria op"]
[Site "Monteria"]
[Date "2011.11.12"]
[Round "2"]
[White "Angulo Pastrana, Oscar"]
[Black "De Arco, Luis Carlos"]
[Result "0-1"]
[WhiteElo "1553"]
[BlackElo "2272"]
[PlyCount "78"]
[EventDate "2011.11.12"]
[EventType "swiss"]
[EventRounds "7"]
[EventCountry "COL"]
[SourceTitle "EXT 2012"]
[Source "ChessBase"]
[SourceDate "2011.11.24"]
[SourceVersion "1"]
[SourceVersionDate "2011.11.24"]
[SourceQuality "1"]

1. d4 Nf6 2. c4 c5 3. d5 e6 4. Nc3 exd5 5. cxd5 d6 6. e4 g6 7. Nf3 Bg7 8. Bd3 0-0 9. 0-0 Na6 10. a3 Bg4 11. h3 Bxf3 12. Qxf3 Nc7 13. Re1 Rb8 14. a4 b6 15. Bf4 Nh5 16. Bh2 Be5 17. Bxe5 dxe5 18. Bc4 Ne8 19. a5 Nd6 20. Be2 Nf4 21. axb6 axb6 22. Nb5 Kg7 23. Na7 Qg5 24. Bf1 f5 25. exf5 Rxf5 26. Qg4 Qf6 27. Rad1 Rg5 28. Qf3 e4 29. Qc3 Qxc3 30. bxc3 Nxh3+ 31. Kh2 Nxf2 32. Rd2 e3 33. Rb2 Rh5+ 34. Kg3 Rf8 35. Rxf2 Ne4+ 36. Kg4 Nxf2+ 37. Kg3 Rxd5 38. Rxe3 Rg5+ 39. Kh4 Rg4# 0-1